000 00729nam a2200289Ia 4500
005 20260324144554.0
008 008 260324s9999 xx 000 0 eng d
020 _a9781003261537
037 _aEBOOK
040 _aCRL
040 _beng
040 _cCRL
041 _2eng
041 _aeng
084 _qCRL
100 _aStefan Hedlund
_91137973
245 0 _aIncentives and Economic Systems
245 0 _bProceedings of the Eighth Arne Ryde Symposium, Frostavallen, 26-27 August 1985
260 _bTaylor and Francis
260 _c1987
365 _a
365 _b205
856 _uhttp://www.taylorfrancis.com/books/9781003261537
942 _cEBOOK
999 _c1826588
_d1826588